[Event "TUR Cup"]
[Site "Adapazari"]
[Date "2022.03.31"]
[Round "10"]
[White "Basaran, Cahit"]
[Black "Akinci, Ahmet"]
[Result "1-0"]
[WhiteElo "1782"]
[BlackElo "1379"]
[PlyCount "77"]
[EventDate "2022.03.25"]
[EventType "swiss"]
[EventRounds "11"]
[EventCountry "TUR"]
[SourceTitle "EXT 2023"]
[Source "ChessBase"]
[SourceDate "2022.10.05"]
[SourceVersion "1"]
[SourceVersionDate "2022.10.05"]
[SourceQuality "1"]

1. d4 Nf6 2. c4 e6 3. Nc3 Bb4 4. e3 0-0 5. Bd3 c5 6. a3 Bxc3+ 7. bxc3 d5 8. Nf3 Qa5 9. Bd2 Ne4 10. Qc2 f5 11. 0-0 Nd7 12. cxd5 c4 13. Bxc4 exd5 14. Bd3 Qd8 15. c4 Ndf6 16. cxd5 b6 17. Bb4 Rf7 18. d6 Be6 19. Ne5 Rb7 20. Ba6 Rbb8 21. Nc6 Qe8 22. Nxb8 Rxb8 23. Rac1 b5 24. Qc7 Nd5 25. Qxa7 Nxb4 26. axb4 Bc4 27. Rxc4 bxc4 28. Bxc4+ Kf8 29. d7 Qd8 30. f3 Nf6 31. Qc5+ Qe7 32. e4 Nxd7 33. Qxf5+ Ke8 34. Bb5 Rb7 35. Ra1 Kd8 36. Bxd7 Qxd7 37. Ra8+ Kc7 38. Qc5+ Qc6 39. Rc8+ 1-0

[Event "TUR Cup"]
[Site "Adapazari"]
[Date "2022.03.28"]
[Round "6"]
[White "Turkucu, Eyup"]
[Black "Akinci, Ahmet"]
[Result "1/2-1/2"]
[WhiteElo "1144"]
[BlackElo "1379"]
[PlyCount "43"]
[EventDate "2022.03.25"]
[EventType "swiss"]
[EventRounds "11"]
[EventCountry "TUR"]
[SourceTitle "EXT 2023"]
[Source "ChessBase"]
[SourceDate "2022.10.05"]
[SourceVersion "1"]
[SourceVersionDate "2022.10.05"]
[SourceQuality "1"]

1. Nf3 g6 2. e3 c5 3. Bc4 d5 4. Bb5+ Bd7 5. a4 Bg7 6. c3 e5 7. d4 cxd4 8. exd4 e4 9. Ne5 a6 10. Bxd7+ Nxd7 11. Nxd7 Qxd7 12. b3 b5 13. Ba3 Ne7 14. Nd2 bxa4 15. bxa4 0-0 16. 0-0 Qc7 17. Bc5 Rfe8 18. a5 Nc6 19. Qb3 f5 20. f4 e3 21. Nf3 Bh6 22. g3 1/2-1/2